[Event "Titled Tue 24th Jun Early"]
[Site "chess.com INT"]
[Date "2025.06.24"]
[Round "3"]
[White "La Fleur, Zara"]
[Black "Brenke, Andreas"]
[Result "0-1"]
[WhiteTitle "WCM"]
[BlackTitle "FM"]
[WhiteElo "1745"]
[BlackElo "2349"]
[WhiteFideId "7703848"]
[BlackFideId "4602900"]
[EventDate "2025.06.24"]

1. e4 c6 2. d4 d5 3. exd5 cxd5 4. Bd3 Nc6 5. c3 Qc7 6. Nf3 Bg4 7. O-O e6 8. h3
Bh5 9. Be3 Bd6 10. Nbd2 Nge7 11. a4 O-O 12. Re1 Rab8 13. Qb1 Bg6 14. Bxg6 hxg6
15. Nf1 Nf5 16. Bd2 a6 17. Ne3 b5 18. Nxf5 gxf5 19. Qc1 Rfc8 20. Ra2 b4 21. Qd1
bxc3 22. bxc3 Bf4 23. Bxf4 Qxf4 24. Qd2 Qxd2 25. Nxd2 Na5 26. Rc1 Nc4 27. Kf1
Nxd2+ 28. Rxd2 Rb3 29. Rdc2 Rc4 30. Ke2 g5 31. Kd2 Rxa4 32. c4 dxc4 33. Rxc4
Rxc4 34. Rxc4 Rb2+ 35. Ke3 Ra2 36. Rc8+ Kg7 37. Rc5 Kf6 38. g4 f4+ 39. Kf3 a5
40. h4 gxh4 41. Kxf4 a4 42. Kf3 a3 0-1

[Event "Titled Tue 24th Jun Early"]
[Site "chess.com INT"]
[Date "2025.06.24"]
[Round "3"]
[White "Harshavardhan, G B"]
[Black "Pranav, V"]
[Result "0-1"]
[WhiteTitle "IM"]
[BlackTitle "GM"]
[WhiteElo "2472"]
[BlackElo "2595"]
[WhiteFideId "25059009"]
[BlackFideId "25060783"]
[EventDate "2025.06.24"]

1. Nf3 Nf6 2. g3 d5 3. Bg2 c6 4. O-O Bg4 5. h3 Bh5 6. c4 Nbd7 7. d4 e6 8. Nc3
Bd6 9. Qb3 Qb6 10. c5 Qxb3 11. axb3 Bc7 12. b4 O-O 13. b5 Bxf3 14. Bxf3 e5 15.
e3 Rfe8 16. Bd2 a6 17. bxc6 bxc6 18. b4 Reb8 19. Ra4 Nf8 20. Rfa1 Ne6 21. Ne2 a5
22. Bc3 e4 23. Bg2 h5 24. h4 g5 25. Bh3 gxh4 26. gxh4 Kh7 27. Bf5+ Kh6 28. Ng3
Rg8 29. Kg2 Ng4 30. Bxg4 Rxg4 31. bxa5 f5 32. a6 f4 33. exf4 Nxf4+ 34. Kf1 Nd3
35. a7 Bxg3 36. fxg3 Rxg3 37. Bd2+ Kh7 38. Rb1 Rf8+ 39. Ke2 Rf2+ 40. Kd1 e3 41.
Rb7+ Kg6 42. Ra2 Rg1+ 43. Kc2 Rxd2+ 44. Kb3 Nc1+ 0-1

[Event "Titled Tue 24th Jun Early"]
[Site "chess.com INT"]
[Date "2025.06.24"]
[Round "3"]
[White "Toktomushev, Teimur"]
[Black "Martinez Alcantara, Jose Eduardo"]
[Result "0-1"]
[WhiteTitle "FM"]
[BlackTitle "GM"]
[WhiteElo "2390"]
[BlackElo "2611"]
[WhiteFideId "14176726"]
[BlackFideId "3805662"]
[EventDate "2025.06.24"]

1. d4 Nf6 2. c4 e6 3. Nf3 Bb4+ 4. Bd2 c5 5. Bxb4 cxb4 6. e3 b6 7. Bd3 Bb7 8. O-O
O-O 9. Nbd2 d6 10. Re1 a5 11. e4 h6 12. Qc2 Qc7 13. Rad1 e5 14. Nf1 Nc6 15. Ne3
Nxd4 16. Nxd4 exd4 17. Nf5 Qc5 18. Qd2 Rae8 19. f3 Bc8 20. Ng3 Be6 21. Qf2 a4
22. b3 Ra8 23. Ne2 axb3 24. axb3 Nh5 25. Qxd4 Ra2 26. Bb1 Rb2 27. Qxc5 bxc5 28.
Rd3 Ra8 29. g4 Nf6 30. Rxd6 Rxb3 31. e5 Nd7 32. Red1 Nf8 33. Kf2 Bxc4 34. Be4
Ra2 35. R1d2 Rbb2 36. Ke3 Rxd2 37. Rxd2 Rxd2 38. Kxd2 Ne6 39. Ng3 g6 40. h4 Kg7
41. h5 Nd4 42. hxg6 fxg6 43. Ke3 Be6 44. f4 Bxg4 45. Bd5 Nf5+ 46. Nxf5+ Bxf5 47.
Kd2 h5 0-1

[Event "Titled Tue 24th Jun Early"]
[Site "chess.com INT"]
[Date "2025.06.24"]
[Round "3"]
[White "Wan, Yunguo"]
[Black "Fedotov, Nikita2"]
[Result "0-1"]
[WhiteTitle "GM"]
[BlackTitle "FM"]
[WhiteElo "2501"]
[BlackElo "2278"]
[WhiteFideId "8603189"]
[BlackFideId "24161446"]
[EventDate "2025.06.24"]

1. Nf3 d5 2. g3 Nf6 3. Bg2 c5 4. O-O g6 5. b3 Bg7 6. Bb2 O-O 7. c4 Nc6 8. cxd5
Qxd5 9. d3 Qh5 10. Nbd2 Bh3 11. Rc1 b6 12. Rc4 Bxg2 13. Kxg2 Rad8 14. a3 Qd5 15.
Kg1 a5 16. Qa1 Rfe8 17. Ne4 Nxe4 18. Bxg7 Nd6 19. Rcc1 f6 20. Bh6 g5 21. h4 Nd4
22. Nxd4 cxd4 23. hxg5 Nf7 24. f4 e5 25. fxe5 Qxe5 26. Rxf6 Qxg3+ 27. Kf1 Rxe2
28. Kxe2 Re8+ 29. Kd1 Qxd3# 0-1

[Event "Titled Tue 24th Jun Early"]
[Site "chess.com INT"]
[Date "2025.06.24"]
[Round "3"]
[White "Garcia Molina, Jose"]
[Black "Grandelius, Nils"]
[Result "0-1"]
[WhiteTitle "FM"]
[BlackTitle "GM"]
[WhiteElo "2156"]
[BlackElo "2643"]
[WhiteFideId "32030592"]
[BlackFideId "1710400"]
[EventDate "2025.06.24"]

1. Nf3 d5 2. g3 c5 3. c4 dxc4 4. Na3 Nc6 5. Nxc4 Be6 6. b3 Bd5 7. Bg2 e5 8. d3
e4 9. dxe4 Bxe4 10. O-O Nf6 11. Bf4 Nd5 12. Bd2 Be7 13. Rc1 O-O 14. Ne3 b6 15.
Qe1 Re8 16. Nc4 Bf6 17. a4 Bxf3 18. Bxf3 Nd4 19. Qd1 Nxf3+ 20. exf3 Bd4 21. Kg2
Qd7 22. Re1 Rxe1 23. Bxe1 Re8 24. Bd2 h6 25. Qc2 Re2 26. Rf1 Qe6 27. Qd3 a6 28.
Bc1 Ra2 29. Nd2 Nb4 30. Qb1 f5 31. Nc4 Ra1 32. Bd2 Rxb1 33. Rxb1 Qe2 34. Re1
Qxf2+ 35. Kh3 Qxf3 36. Re8+ Kh7 37. Nd6 Qf1+ 0-1

[Event "Titled Tue 24th Jun Early"]
[Site "chess.com INT"]
[Date "2025.06.24"]
[Round "3"]
[White "Gajic, Mladen"]
[Black "Causo, Deniel"]
[Result "0-1"]
[WhiteTitle "FM"]
[BlackTitle "FM"]
[WhiteElo "2246"]
[BlackElo "2224"]
[WhiteFideId "1709178"]
[BlackFideId "5203660"]
[EventDate "2025.06.24"]

1. e4 d5 2. exd5 Nf6 3. d4 Bg4 4. Be2 Bxe2 5. Nxe2 Qxd5 6. O-O Nc6 7. Nbc3 Qh5
8. Nf4 Qxd1 9. Rxd1 O-O-O 10. Be3 e6 11. d5 exd5 12. Ncxd5 Nxd5 13. Nxd5 Bd6 14.
Kf1 Rhe8 15. g3 h6 16. c3 a6 17. h4 Ne5 18. Bf4 Nc4 19. b3 Bxf4 20. Nxf4 Nd2+
21. Kg2 g5 22. hxg5 hxg5 23. Nh3 f6 24. Re1 Ne4 25. c4 Rd2 26. Red1 Red8 27.
Rxd2 Rxd2 28. Re1 f5 29. g4 fxg4 30. Rxe4 gxh3+ 31. Kxh3 Rxf2 32. Kg4 Rxa2 33.
Kxg5 Rf2 34. Kg4 b6 35. Kg3 Rf5 36. Kg4 Rf1 37. Kg3 Kb7 38. Re6 a5 39. Kg2 Rf7
40. Rg6 Ka6 41. Rg5 Rf6 42. Rg7 c6 43. Rc7 b5 44. c5 a4 45. b4 a3 46. Re7 Rf4
47. Re3 Rxb4 48. Rxa3+ Ra4 49. Rc3 Rc4 50. Rxc4 bxc4 51. Kf3 Kb5 52. Ke3 Kxc5
53. Kd2 Kb4 0-1

[Event "Titled Tue 24th Jun Early"]
[Site "chess.com INT"]
[Date "2025.06.24"]
[Round "3"]
[White "Nitish, Belurkar"]
[Black "Mostertman, Milan"]
[Result "1-0"]
[WhiteTitle "IM"]
[BlackTitle "FM"]
[WhiteElo "2454"]
[BlackElo "2231"]
[WhiteFideId "5084768"]
[BlackFideId "1025848"]
[EventDate "2025.06.24"]

1. e4 d5 2. exd5 Qxd5 3. Nf3 Bg4 4. Be2 Nc6 5. d4 O-O-O 6. c4 Qf5 7. Be3 e5 8.
d5 Bb4+ 9. Nbd2 Bxf3 10. Bxf3 Nd4 11. Bg4 Nc2+ 12. Qxc2 Qxg4 13. O-O Nf6 14. Nf3
Rhe8 15. h3 Qe4 16. Qa4 Bd6 17. Rfe1 a6 18. Rad1 Bf8 19. Bd4 Qf5 20. Bxe5 Bd6
21. Bxd6 Rxe1+ 22. Rxe1 Rxd6 23. Qb3 Rd8 24. Re7 Qf4 25. Qc3 Rd7 26. Rxd7 Nxd7
27. b3 f6 28. g3 Qe4 29. Kg2 Ne5 30. Qe3 Qb1 31. Nxe5 fxe5 32. Qxe5 Kd7 33. Qe6+
Kd8 34. Qg8+ Kd7 35. Qxg7+ Kd6 36. Qf8+ Ke5 37. Qe7+ Kd4 38. Qxc7 Qe4+ 39. Kh2
Kc3 40. Qf4 Qc2 41. d6 Qd1 42. Kg2 h5 43. Qf3+ 1-0

[Event "Titled Tue 24th Jun Early"]
[Site "chess.com INT"]
[Date "2025.06.24"]
[Round "3"]
[White "Cernov, Henrik"]
[Black "Sabatier, Mathis"]
[Result "1-0"]
[WhiteTitle "FM"]
[BlackTitle "CM"]
[WhiteElo "2325"]
[BlackElo "2235"]
[WhiteFideId "16258312"]
[BlackFideId "26029685"]
[EventDate "2025.06.24"]

1. e4 c5 2. Nf3 d6 3. d4 cxd4 4. Nxd4 Nf6 5. Nc3 a6 6. Rg1 h5 7. h3 e5 8. Nb3
Be6 9. g4 hxg4 10. hxg4 d5 11. exd5 Nxd5 12. Nxd5 Qxd5 13. Qxd5 Bxd5 14. Be3 Nc6
15. O-O-O O-O-O 16. Bb6 Rd7 17. g5 Rh4 18. Be2 Be6 19. Bf3 Nd4 20. Nxd4 exd4 21.
Rh1 Rxh1 22. Rxh1 Rd6 23. Bc5 Rd8 24. Bb6 Rd6 25. Bc5 Rd8 26. Bxf8 Rxf8 27. Rh7
g6 28. Kd2 Kc7 29. Kd3 Rd8 30. Be4 b5 31. Bxg6 Bc4+ 32. Kd2 d3 33. cxd3 Bxa2 34.
Bxf7 Bxf7 35. Rxf7+ Kd6 36. Rf6+ Ke5 37. Rxa6 Kf5 38. g6 Rg8 39. Kc3 Kf4 40. d4
Kf3 41. Kb4 Kxf2 42. Kxb5 Ke3 43. Kc5 Rc8+ 44. Rc6 Rd8 45. d5 Ke4 46. Re6+ Kf5
47. b4 Rc8+ 48. Rc6 Rd8 49. b5 Ke5 50. Re6+ Kf5 51. b6 Rb8 52. Kc6 Rc8+ 53. Kd7
Rb8 54. Kc7 Rg8 55. b7 Rg7+ 56. Kc6 Rg8 57. Re7 Kxg6 58. Kc7 Kf6 59. d6 1-0

[Event "Titled Tue 24th Jun Early"]
[Site "chess.com INT"]
[Date "2025.06.24"]
[Round "3"]
[White "Shapiro, Daniel"]
[Black "Wijerathna, Vinuka Dihain"]
[Result "0-1"]
[WhiteTitle "FM"]
[BlackTitle "CM"]
[WhiteElo "2284"]
[BlackElo "2049"]
[WhiteFideId "2001780"]
[BlackFideId "29981905"]
[EventDate "2025.06.24"]

1. d4 g6 2. e4 Bg7 3. Nc3 c6 4. h3 d5 5. e5 Nh6 6. g4 O-O 7. Bg2 f6 8. exf6 exf6
9. Nge2 f5 10. g5 Nf7 11. h4 Re8 12. Bf4 Na6 13. Qd2 Nc7 14. O-O-O Ne6 15. Be3
Nd6 16. b3 a5 17. h5 a4 18. hxg6 hxg6 19. Nf4 axb3 20. cxb3 Nxf4 21. Bxf4 Nf7
22. Qd3 b6 23. Qh3 Kf8 24. Qh7 Re6 25. Rhe1 Qd7 26. Be3 Ba6 27. Bf1 Bxf1 28.
Rxf1 b5 29. Ne2 Qd6 30. Kb1 Qa3 31. Rd2 Rae8 32. Nf4 Qd6 33. Nxe6+ Rxe6 34. Qh4
Re4 0-1

[Event "Titled Tue 24th Jun Early"]
[Site "chess.com INT"]
[Date "2025.06.24"]
[Round "3"]
[White "Kiremitciyan, Ari"]
[Black "Izafatava, Kira"]
[Result "0-1"]
[WhiteTitle "FM"]
[BlackTitle "WCM"]
[WhiteElo "2271"]
[BlackElo "2036"]
[WhiteFideId "6373445"]
[BlackFideId "13521705"]
[EventDate "2025.06.24"]

1. Nf3 d5 2. g3 Nd7 3. c4 dxc4 4. Na3 Ngf6 5. Nxc4 g6 6. b4 Bg7 7. Bb2 O-O 8.
Bg2 c5 9. bxc5 Nxc5 10. O-O Bd7 11. Nfe5 Be6 12. d4 Ncd7 13. Rc1 Nxe5 14. Nxe5
Bd5 15. Bxd5 Qxd5 16. Qb3 Qxb3 17. axb3 Rac8 18. e3 Ne4 19. Rfd1 Bxe5 20. dxe5
e6 21. f3 Nc5 22. Ba3 Nxb3 23. Rb1 Nc5 24. Bxc5 Rxc5 25. Rxb7 Rxe5 26. e4 a5 27.
Rdd7 Rc5 28. Ra7 h5 29. h4 Rc3 30. Kf2 Rb8 31. Rdc7 Rb2+ 32. Kg1 Rxf3 0-1

[Event "Titled Tue 24th Jun Early"]
[Site "chess.com INT"]
[Date "2025.06.24"]
[Round "3"]
[White "Harriott, Tyrell"]
[Black "Rojas Alarcon, Julian Antonio"]
[Result "0-1"]
[BlackTitle "FM"]
[WhiteElo "1924"]
[BlackElo "2365"]
[WhiteFideId "2086484"]
[BlackFideId "5107407"]
[EventDate "2025.06.24"]

1. d4 c6 2. e3 Nf6 3. Bd3 d5 4. f4 g6 5. Nf3 Bf5 6. O-O Nbd7 7. Nbd2 Bg7 8. b3
a5 9. a4 c5 10. Ba3 cxd4 11. exd4 Bxd3 12. cxd3 O-O 13. Qe1 Re8 14. f5 Qb6 15.
fxg6 hxg6 16. Qh4 e5 17. Kh1 e4 18. dxe4 Nxe4 19. Rad1 Rac8 20. Nxe4 Rxe4 21.
Qh3 Qe6 22. Qg3 Bf6 23. Ng5 Bxg5 24. Qxg5 Rg4 25. Qh6 Rc2 26. Rde1 Re4 27. Rc1
Ree2 28. Rxc2 Rxc2 29. Qf4 Kg7 30. Bd6 Re2 31. Qg3 Re4 32. Ba3 Nf6 33. Qf2 Ng4
34. Qf3 Ne3 35. Rg1 Nf5 36. Bc1 Re2 0-1

[Event "Titled Tue 24th Jun Early"]
[Site "chess.com INT"]
[Date "2025.06.24"]
[Round "3"]
[White "Zakin, Ilay"]
[Black "Warchol, Kamil"]
[Result "1-0"]
[WhiteTitle "FM"]
[BlackTitle "FM"]
[WhiteElo "2300"]
[BlackElo "2113"]
[WhiteFideId "2848279"]
[BlackFideId "21858241"]
[EventDate "2025.06.24"]

1. Nf3 Nf6 2. g3 g6 3. Bg2 Bg7 4. O-O O-O 5. c4 c5 6. d4 cxd4 7. Nxd4 Nc6 8. Nc3
a6 9. Nc2 d6 10. e4 Be6 11. Ne3 Rc8 12. Qd2 Nd7 13. b3 b5 14. cxb5 axb5 15. Bb2
Qb6 16. Ncd5 Qb7 17. Rac1 Bxb2 18. Qxb2 Nc5 19. Rfd1 Qa7 20. b4 Na4 21. Qa1 Nb6
22. h4 h5 23. Rd2 Ne5 24. Rdc2 Nbc4 25. Nxc4 Nxc4 26. a4 Bxd5 27. exd5 Ra8 28.
a5 Rfc8 29. Bf1 Qb7 30. Bxc4 bxc4 31. Rxc4 Rxc4 32. Rxc4 Qxd5 33. Qc3 Qb5 34.
Rc8+ Rxc8 35. Qxc8+ Kg7 36. Qc3+ Kg8 37. Qd4 Qa6 38. Qb6 Qd3 39. a6 Qb1+ 40. Kh2 1-0

[Event "Titled Tue 24th Jun Early"]
[Site "chess.com INT"]
[Date "2025.06.24"]
[Round "3"]
[White "Berg, Vadim Daskevich"]
[Black "Li, Hui"]
[Result "1-0"]
[WhiteTitle "IM"]
[BlackTitle "CM"]
[WhiteElo "2445"]
[BlackElo "2041"]
[WhiteFideId "11601965"]
[BlackFideId "15400310"]
[EventDate "2025.06.24"]

1. e4 e5 2. Nf3 Nf6 3. Nxe5 d6 4. Nf3 Nxe4 5. Qe2 Qe7 6. d3 Nf6 7. Nc3 Qxe2+ 8.
Bxe2 Be7 9. Ne4 Nxe4 10. dxe4 O-O 11. Be3 Nc6 12. c3 Be6 13. Kd2 Rfe8 14. Kc2
Bf6 15. Rhe1 Bg4 16. Nd2 Bxe2 17. Rxe2 g6 18. f3 a6 19. Rd1 Rad8 20. Nb3 Be5 21.
g3 Bg7 22. Ree1 Ne5 23. Nd2 Nc6 24. f4 d5 25. e5 f6 26. exf6 Bxf6 27. Nf3 Re4
28. Bf2 Rxe1 29. Rxe1 Kf7 30. Bd4 Nxd4+ 31. cxd4 c6 32. Kd3 Rc8 33. Rc1 Re8 34.
Ne5+ Bxe5 35. fxe5 Ke7 36. Rf1 Rc8 37. b4 b6 38. Rf6 a5 39. a3 axb4 40. axb4 Rc7
41. g4 Rc8 42. g5 Rc7 43. h4 Rc8 44. Ke3 Rc7 45. Rd6 Rc8 46. Rf6 Rc7 47. h5 gxh5
48. Rh6 Rc8 49. Rxh7+ Ke6 50. Rxh5 c5 51. Rh6+ Kf5 52. Rxb6 cxb4 53. g6 Rc3+ 54.
Kd2 Rg3 55. Rf6+ Ke4 56. e6 Kxd4 57. e7 Rd3+ 58. Kc2 b3+ 59. Kb2 Re3 60. g7 Kc4
61. Rc6+ Kb5 62. g8=Q Kxc6 63. e8=Q+ 1-0

[Event "Titled Tue 24th Jun Early"]
[Site "chess.com INT"]
[Date "2025.06.24"]
[Round "3"]
[White "Papasimakopoulos, Alexandros"]
[Black "Odabasi, Ruzgar"]
[Result "1-0"]
[WhiteTitle "IM"]
[BlackTitle "CM"]
[WhiteElo "2366"]
[BlackElo "2170"]
[WhiteFideId "4244125"]
[BlackFideId "51604787"]
[EventDate "2025.06.24"]

1. d4 d5 2. c4 c6 3. cxd5 cxd5 4. Bf4 Nf6 5. Nc3 Nc6 6. e3 Qb6 7. Qd2 Bf5 8. f3
e6 9. g4 Bg6 10. h4 h5 11. g5 Nd7 12. Bg3 Bb4 13. Nge2 Na5 14. Nf4 Bf5 15. Kf2
Rc8 16. Rc1 Nc4 17. Bxc4 Rxc4 18. b3 Rc6 19. Qb2 Qa5 20. Nb1 Bxb1 21. Qxb1 Ke7
22. Rxc6 bxc6 23. g6 f6 24. Rc1 c5 25. dxc5 Bxc5 26. Rc2 d4 27. exd4 Bxd4+ 28.
Kg2 Rd8 29. b4 Qf5 30. Rc1 Qxb1 31. Rxb1 Ne5 32. Rd1 Nc4 33. Kh3 Ne5 34. b5 Nxf3
35. Nxh5 f5 36. Nf4 Ne5 37. h5 Nc4 38. Bh4+ Bf6 39. Rxd8 Kxd8 40. Bxf6+ gxf6 41.
g7 1-0

[Event "Titled Tue 24th Jun Early"]
[Site "chess.com INT"]
[Date "2025.06.24"]
[Round "3"]
[White "Lowinger, Daniel"]
[Black "Aradhya, Garg"]
[Result "0-1"]
[BlackTitle "IM"]
[WhiteElo "2086"]
[BlackElo "2370"]
[WhiteFideId "2005557"]
[BlackFideId "25006746"]
[EventDate "2025.06.24"]

1. e4 c6 2. d4 d5 3. e5 Bf5 4. Nf3 e6 5. Be2 Nd7 6. O-O a5 7. a4 Ne7 8. Nh4 h6
9. Nxf5 Nxf5 10. c3 Be7 11. g4 Nh4 12. f4 f5 13. Be3 O-O 14. h3 Qb6 15. b3 Rf7
16. Nd2 Raf8 17. Bd3 Qd8 18. Qe2 g5 19. Kh1 gxf4 20. Bxf4 Bg5 21. Qe3 fxg4 22.
Bxg5 Qxg5 23. Qxg5+ hxg5 24. hxg4 Rf4 25. Rxf4 Rxf4 26. Rg1 c5 27. Bb5 Nf8 28.
dxc5 Rf2 29. Nf1 Nfg6 30. Bd7 Kf7 31. Ne3 Nxe5 32. Bc8 Nef3 33. Rf1 Rh2# 0-1

[Event "Titled Tue 24th Jun Early"]
[Site "chess.com INT"]
[Date "2025.06.24"]
[Round "3"]
[White "Mekhitarian, Krikor Sevag"]
[Black "Estrada Nieto, Julian"]
[Result "1-0"]
[WhiteTitle "GM"]
[BlackTitle "IM"]
[WhiteElo "2564"]
[BlackElo "2181"]
[WhiteFideId "2107660"]
[BlackFideId "5101018"]
[EventDate "2025.06.24"]

1. Nf3 d5 2. c4 d4 3. b4 c5 4. Bb2 Nf6 5. g3 Qc7 6. Bg2 e5 7. O-O Be7 8. d3 cxb4
9. a3 Nc6 10. axb4 Nxb4 11. Na3 O-O 12. Qb3 a6 13. Rfc1 Bd7 14. c5 Nc6 15. Ng5
h6 16. Ne4 Be6 17. Qa4 Nd5 18. Nc4 f5 19. Ned6 Rab8 20. Rab1 Nf6 21. Ba3 Bd5 22.
Nb6 Bxg2 23. Kxg2 Ne8 24. Nd5 Qd7 25. Nxe7+ Qxe7 26. Qb3+ Kh7 27. Nxb7 Na5 28.
Nxa5 Rxb3 29. Rxb3 Nc7 30. Rb7 Qd8 31. Kg1 Rf7 32. c6 e4 33. Nc4 Qd5 34. Nb6 1-0

[Event "Titled Tue 24th Jun Early"]
[Site "chess.com INT"]
[Date "2025.06.24"]
[Round "3"]
[White "Diachek, Andrii"]
[Black "Young, Cohen"]
[Result "0-1"]
[WhiteTitle "CM"]
[BlackTitle "CM"]
[WhiteElo "2177"]
[BlackElo "2060"]
[WhiteFideId "34106499"]
[BlackFideId "4317440"]
[EventDate "2025.06.24"]

1. c4 e5 2. Nc3 Nf6 3. Nf3 Nc6 4. a3 d5 5. cxd5 Nxd5 6. Qc2 Be6 7. Nxd5 Qxd5 8.
e4 Qc5 9. Qxc5 Bxc5 10. Bb5 f6 11. b4 Bb6 12. Bb2 O-O-O 13. Bxc6 bxc6 14. Rc1
Kb7 15. Ke2 Rd6 16. a4 a5 17. bxa5 Bxa5 18. Bc3 Bc4+ 19. Ke1 Bxc3 20. Rxc3 Ba6
21. Kd1 Rhd8 22. Re1 g5 23. h3 h5 24. g4 Rd3 25. Re3 Rxe3 26. Rxe3 hxg4 27. hxg4
Rd3 28. Ne1 Rd4 29. a5 Ra4 30. d3 Rxa5 31. Rf3 Ra1+ 32. Ke2 Ra2+ 33. Ke3 Ra1 34.
Nc2 Rc1 35. Kd2 Rg1 36. Rxf6 Rxg4 37. Rf5 Rf4 0-1

[Event "Titled Tue 24th Jun Early"]
[Site "chess.com INT"]
[Date "2025.06.24"]
[Round "3"]
[White "Ratkovic, Miloje"]
[Black "Bjerre, Jonas Buhl"]
[Result "0-1"]
[WhiteTitle "GM"]
[BlackTitle "GM"]
[WhiteElo "2489"]
[BlackElo "2651"]
[WhiteFideId "914517"]
[BlackFideId "1444948"]
[EventDate "2025.06.24"]

1. d4 Nf6 2. Nf3 e6 3. c4 Bb4+ 4. Nbd2 d6 5. g3 O-O 6. Bg2 a5 7. O-O a4 8. e4
Nc6 9. Qe2 e5 10. d5 Ne7 11. Ne1 Bg4 12. f3 Bc5+ 13. Kh1 Bd7 14. Nd3 Bd4 15. f4
Bg4 16. Nf3 a3 17. fxe5 dxe5 18. h3 Bxf3 19. Rxf3 Nd7 20. Be3 axb2 21. Nxb2 Bxe3
22. Qxe3 b6 23. Nd3 Nc8 24. a4 Nd6 25. c5 bxc5 26. Rf2 c4 27. Nb4 Qb8 28. Nc6
Qb6 29. Qxb6 cxb6 30. h4 Ra6 31. Rfa2 Rfa8 32. Nb4 Ra5 33. Nc6 Rc5 34. Bh3 Nf6
35. a5 bxa5 36. Nxa5 h5 37. Nc6 Rxa2 38. Rxa2 c3 39. Ne7+ Kh7 40. Nf5 Nxf5 41.
Bxf5+ g6 42. Bh3 c2 43. Rxc2 Rxc2 44. Bf1 Nxe4 45. Bd3 Nf2+ 46. Kh2 Nxd3+ 0-1

[Event "Titled Tue 24th Jun Early"]
[Site "chess.com INT"]
[Date "2025.06.24"]
[Round "3"]
[White "Sericano, Claudio"]
[Black "Grot, Blazej"]
[Result "0-1"]
[WhiteTitle "FM"]
[BlackTitle "CM"]
[WhiteElo "2260"]
[BlackElo "2187"]
[WhiteFideId "800473"]
[BlackFideId "21835845"]
[EventDate "2025.06.24"]

1. e4 e5 2. Nf3 Nc6 3. Bb5 a6 4. Ba4 Nf6 5. O-O Be7 6. Bxc6 dxc6 7. Re1 Qd6 8.
Na3 Be6 9. d4 Nd7 10. c3 f6 11. Nc2 O-O-O 12. Be3 g5 13. dxe5 Nxe5 14. Nxe5 Qxe5
15. Bd4 Qd6 16. Qe2 Qd7 17. Rad1 Qe8 18. c4 h5 19. Bc3 Rxd1 20. Rxd1 h4 21. Nd4
Bd7 22. h3 Bd6 23. Nb3 Be5 24. Nc5 Bxc3 25. bxc3 Be6 26. Qb2 b6 27. Nxa6 Bxc4
28. Nb4 Qxe4 29. Qa3 Kb7 30. Rd4 Qe1+ 31. Kh2 Qe5+ 32. Kg1 Ra8 33. Qb2 Bd5 34.
c4 c5 35. cxd5 Qxd4 36. Qxd4 cxd4 37. Kf1 Ra4 38. Nc6 d3 39. Ke1 Rxa2 40. Nb4
Re2+ 41. Kf1 Rb2 42. Nxd3 Rd2 43. Nb4 Rd4 44. Nc6 Rxd5 45. Ne7 Rd6 46. Nf5 Kc6
47. Nxd6 Kxd6 48. Ke2 c5 49. Kd3 b5 50. Kc3 Ke5 51. Kd3 c4+ 52. Kc3 Ke4 53. Kb4
f5 54. Kxb5 c3 55. Kc4 c2 0-1

[Event "Titled Tue 24th Jun Early"]
[Site "chess.com INT"]
[Date "2025.06.24"]
[Round "3"]
[White "Hansen, Eric"]
[Black "Tamer Waguih, Farid"]
[Result "0-1"]
[WhiteTitle "GM"]
[BlackTitle "FM"]
[WhiteElo "2609"]
[BlackElo "2300"]
[WhiteFideId "2606771"]
[BlackFideId "10685723"]
[EventDate "2025.06.24"]

1. e4 c5 2. Nf3 Nc6 3. Bb5 a6 4. Bxc6 bxc6 5. O-O e6 6. e5 Ne7 7. d3 Nf5 8. Nbd2
Be7 9. b3 O-O 10. Bb2 f6 11. Re1 fxe5 12. Nxe5 Qc7 13. Nec4 d6 14. f4 Nd4 15. g3
e5 16. fxe5 d5 17. Nd6 Bxd6 18. exd6 Qxd6 19. c3 Nf5 20. Nf1 Be6 21. Qe2 Rae8
22. Qe5 Qd7 23. Ba3 Qa7 24. Kh1 Kh8 25. d4 Qd7 26. Bxc5 Rf6 27. Qf4 Qf7 28. Nd2
Nh6 29. Qe5 Ng4 30. Qd6 Nf2+ 31. Kg2 Bh3+ 32. Kg1 Rxd6 33. Bxd6 Rxe1+ 34. Rxe1
Ne4 35. Nxe4 dxe4 36. Bf4 g5 37. Be5+ Kg8 38. d5 Qf3 0-1

[Event "Titled Tue 24th Jun Early"]
[Site "chess.com INT"]
[Date "2025.06.24"]
[Round "3"]
[White "Khoo-Thwe, Louis"]
[Black "Dilanyan, Grigor"]
[Result "0-1"]
[WhiteTitle "CM"]
[BlackTitle "FM"]
[WhiteElo "2214"]
[BlackElo "2191"]
[WhiteFideId "1538756"]
[BlackFideId "13303570"]
[EventDate "2025.06.24"]

1. e4 e5 2. Nf3 Nc6 3. Bc4 f5 4. d4 exd4 5. exf5 Nf6 6. O-O d5 7. Bd3 Be7 8.
Nbd2 O-O 9. Nb3 Ne4 10. Nbxd4 Nxd4 11. Nxd4 Bc5 12. c3 Bxf5 13. Qb3 Kh8 14. Be3
Bxd4 15. cxd4 Nd6 16. Be2 c6 17. Bf4 b5 18. Be5 Nf7 19. Bg3 Qd7 20. Rac1 Ng5 21.
Bd3 Bxd3 22. Qxd3 Ne4 23. f3 Nxg3 24. hxg3 Rae8 25. Rfe1 Qd6 26. Kf2 h6 27. Qc3
Rxe1 28. Rxe1 Rc8 29. Qc5 Qg6 30. Re7 a5 31. Re1 a4 32. a3 Re8 33. Rxe8+ Qxe8
34. Qc3 Qg6 35. Ke3 Qxg3 36. Qxc6 Qe1+ 37. Kd3 Qf1+ 38. Ke3 Qg1+ 39. Kd3 Qxg2
40. Qc8+ Kh7 41. Qf5+ Qg6 42. Qxg6+ Kxg6 43. Ke3 Kf5 44. Kf2 Kf4 45. Ke2 g5 46.
Kf2 h5 47. Ke2 g4 48. fxg4 hxg4 49. Kf2 Ke4 50. Kg3 Kxd4 51. Kxg4 Ke3 52. Kf5 d4
53. Ke6 d3 54. Kd5 d2 55. Kc5 d1=Q 56. Kxb5 Qb3+ 57. Ka5 Qxb2 58. Ka6 Kd4 59.
Ka5 Kc5 60. Ka6 Qb6# 0-1

[Event "Titled Tue 24th Jun Early"]
[Site "chess.com INT"]
[Date "2025.06.24"]
[Round "3"]
[White "Kovalev, Vladislav"]
[Black "Xiong, Jeffery"]
[Result "0-1"]
[WhiteTitle "GM"]
[BlackTitle "GM"]
[WhiteElo "2557"]
[BlackElo "2639"]
[WhiteFideId "13504398"]
[BlackFideId "2047640"]
[EventDate "2025.06.24"]

1. e4 e6 2. d4 d5 3. Nd2 c5 4. Ngf3 Nf6 5. exd5 Qxd5 6. Bc4 Qd8 7. Nb3 cxd4 8.
Qxd4 Qxd4 9. Nbxd4 a6 10. a4 Bd6 11. O-O O-O 12. a5 e5 13. Nb3 Bf5 14. c3 Nbd7
15. h3 Rac8 16. Be2 Rfd8 17. Be3 h6 18. Rac1 Nd5 19. Rfd1 Be6 20. c4 Nxe3 21.
Rxd6 Nxc4 22. Rxe6 fxe6 23. Bxc4 Kf7 24. Nbd2 Ke7 25. Re1 Rc6 26. b3 Rc5 27. b4
Rc6 28. b5 axb5 29. Bxb5 Rc5 30. Rb1 Nf6 31. Bf1 Rxa5 32. Nc4 Rc5 33. Ncxe5 Rc7
34. g3 g5 35. Bg2 Kf8 36. h4 g4 37. Nh2 h5 38. Nf1 Rc5 39. Ng6+ Kf7 40. Nf4 b5 0-1